Estadísticas para Top Naciones Olímpicas

Haz click aquí para intentar la prueba.

Estadísticas generales

  • Esta prueba ha sido intentada 3.065 veces
    (2.942 desde el último reinicio)
  • La puntuación promedio es 20 de 25

Estadísticas de respuestas

País% Correcto
Estados Unidos
100%
China
98%
Francia
96%
Japón
96%
Rusia
96%
Alemania /
Alemania Occidental
95%
Canadá
94%
Gran Bretaña
93%
Italia
93%
Noruega
90%
Suecia
90%
Australia
88%
Finlandia
85%
Corea del Sur
81%
Suiza
80%
Polonia
76%
Austria
73%
Unión Soviética /
Equipo Unificado
72%
Países Bajos
70%
Hungría
61%
Rumania
56%
República Checa
53%
Cuba
51%
Checoslovaquia
36%
Alemania Oriental
28%

Distribución de puntuación

Porcentaje por número respondido

Porcentaje de gente con cada puntuación

Historial de tus puntuaciones

No has intentado esta prueba desde el último reinicio